Estadísticas para Cultura General 1

Haz click aquí para intentar la prueba.

Estadísticas generales

  • Esta prueba ha sido intentada 885 veces
  • La puntuación promedio es 8 de 20

Estadísticas de respuestas

HintRespuesta% Correcto
¿Cuántos lados tiene un hexágono?6
95%
¿Qué paÍs se enfrentó a Francia en la Guerra de los Cien Años?Inglaterra
73%
¿En qué año accedió Hitler a la cancillería alemana?1933
71%
¿Cuál fue el primer libro publicado por Gutenberg en una imprenta?La Biblia
68%
¿De dónde fue robada la Mona Lisa el 21 de Agosto de 1911?Louvre
68%
¿En qué región española está el Mar Menor?Murcia
52%
¿En qué país nació Nadia Comaneci?Rumania
46%
¿En qué año accedió plenamente al poder el PSOE?1982
43%
¿En qué ciudad se celebraron los Juegos Olímpicos de 1984?Los Ángeles
34%
¿Quién compuso Las Bodas de Fígaro?Mozart
34%
¿Qué presidente norteamericano estrechó su mano con Mao Tse Tsung?Richard Nixon
32%
¿Cuál es la capital de Brunei?Bandar Seri Begawan
31%
¿Quién fue el último monarca español de la casa de Austria?Carlos II
28%
¿Cuál era el nombre artístico de Norma Jean?Marilyn Monroe
27%
¿Quién escribió La Regenta?Leopoldo Alas Clarín
26%
¿Quién era el trompetista de la película Hello Dolly?Louis Armstrong
18%
¿Cómo se llama el miedo a los lugares altos?Acrofobia
15%
¿Quién fue el primer griego que afirmó que la Tierra era redonda?Pitágoras
14%
¿Qué actor estuvo detrás de La Ventana Indiscreta de Hitchcock?James Stewart
13%
¿Qué nombre recibía anteriormente Zambia?Rodesia del Norte
7%

Distribución de puntuación

Porcentaje por número respondido

Porcentaje de gente con cada puntuación

Historial de tus puntuaciones

No has intentado esta prueba.